[Event "Star Dojran"]
[Site "?"]
[Date "1996.??.??"]
[Round "10"]
[White "Drazic Sinisa"]
[Black "Zelcic Robert"]
[Result "0-1"]
[WhiteElo "2445"]
[BlackElo "2495"]
[PlyCount "232"]
[EventDate "1996.??.??"]
[Source "www.chesslib.no"]
[SourceDate "2004.05.04"]

1. d4 e6 2. c4 Nf6 3. Nc3 Bb4 4. e3 O-O 5. Nge2 d5 6. a3 Be7 7. Nf4 dxc4 8. Bxc4 Nc6 9. Nfe2 a6 10. O-O Bd6 11. e4 e5 12. d5 Ne7 13. f3 Ng6 14. Be3 Qe7 15. Qd2 h6 16. Kh1 Bd7 17. a4 Bc5 18. a5 Rad8 19. b3 Bb4 20. Rfd1 Ne8 21. Nc1 Kh8 22. Nd3 Bd6 23. Re1 Nf6 24. Qf2 c6 25. Nc5 cxd5 26. Nxd5 Nxd5 27. Bxd5 Bc8 28. Red1 Nf4 29. Bc4 Ne6 30. Bxe6 Bxe6 31. h3 f5 32. Nxe6 Qxe6 33. exf5 Rxf5 34. Qh4 Rdf8 35. Rac1 e4 36. fxe4 Qe5 37. Bg1 Rg5 38. Rc2 Rf4 39. Qe1 Rxe4 40. Qd2 Rg6 41. Qd3 Kh7 42. Rc4 Rxc4 43. Qxc4 Qxa5 44. Qe4 Qc7 45. Rd4 Qc6 46. Qxc6 bxc6 47. Ra4 Re6 48. Rxa6 Re1 49. Rxc6 Bb8 50. b4 Ba7 51. Rc5 Bxc5 52. bxc5 Kg6 53. Kh2 Kf5 54. Bd4 g5 55. Bg7 Re8 56. Kg3 Rg8 57. Bd4 Ke4 58. Bf6 Kf5 59. Be7 Ra8 60. Bd6 Ra3+ 61. Kf2 Rc3 62. Ke2 h5 63. Kd2 Ra3 64. Ke2 Ra2+ 65. Kf3 Rc2 66. Kg3 Rc3+ 67. Kh2 Ke4 68. Be7 Kf5 69. Bd6 h4 70. Kg1 Rc2 71. Kf1 Ke4 72. Kg1 Ke3 73. Be7 Rc1+ 74. Kh2 Kf4 75. Bd6+ Kf5 76. Be7 Kg6 77. Bd6 Kf7 78. g3 Rc2+ 79. Kg1 hxg3 80. Bxg3 Rxc5 81. Kg2 Ke6 82. Kf3 Kf5 83. Bd6 Rc6 84. Bb8 Rc2 85. Bd6 Kg6 86. Kg4 Rd2 87. Bc7 Rd4+ 88. Kf3 Kh5 89. Bg3 Rd3+ 90. Kg2 Rb3 91. Bf2 Kg6 92. Bg3 Kf5 93. Bd6 Ke4 94. Be7 Rb5 95. Kg3 Kf5 96. Bd6 Ke6 97. Bf8 Kf5 98. Bd6 Rd5 99. Bb8 Rd8 100. Bc7 Rc8 101. Bd6 Ke6 102. Bb4 Ke5 103. Be7 Kf5 104. Bd6 Ke6 105. Bb4 Rc4 106. Bf8 Rd4 107. Bc5 Rd5 108. Bb6 Rb5 109. Bd8 Rd5 110. Bc7 Rc5 111. Bd8 Kf5 112. Be7 Rd5 113. Bb4 Rd4 114. Bc5 Rd3+ 115. Kg2 Kf4 116. Be7 Rd2+ 0-1

[Event "New York op"]
[Site "New York"]
[Date "1987.??.??"]
[Round "?"]
[White "Zueger, Beat"]
[Black "Rohde, Michael A"]
[Result "0-1"]
[WhiteElo "2405"]
[BlackElo "2530"]
[PlyCount "150"]
[EventDate "1987.04.??"]
[Source "ChessBase"]

1. c4 Nf6 2. d4 e6 3. Nc3 Bb4 4. e3 O-O 5. Nge2 Re8 6. a3 Bf8 7. d5 exd5 8. cxd5 c5 9. g3 d6 10. Bg2 a6 11. O-O Bf5 12. b4 Nbd7 13. f3 cxb4 14. axb4 Ne5 15. e4 Qb6+ 16. Kh1 Bd7 17. Rb1 Rac8 18. Rb3 Rc4 19. Ba3 g6 20. Qb1 Rec8 21. Bc1 Bg7 22. h3 R4c7 23. f4 Nc4 24. Qd3 Bb5 25. Qf3 Re7 26. g4 Nd7 27. Rd1 Qd8 28. Nxb5 axb5 29. g5 Ra8 30. Ng3 Ra1 31. Qf1 Re8 32. Be3 Nxe3 33. Rxe3 Rxd1 34. Qxd1 Nb6 35. h4 Nc4 36. Re2 Qb6 37. e5 dxe5 38. f5 Rd8 39. h5 Qd4 40. Qe1 Qh4+ 41. Kg1 Qxg5 42. hxg6 hxg6 43. fxg6 f5 44. Nxf5 Rf8 45. Nxg7 Kxg7 46. Qc3 Qxg6 47. Re4 Qb6+ 48. Kh2 Qh6+ 49. Kg1 Rf4 50. d6 Rxe4 51. Bxe4 Qxd6 52. Qg3+ Kf7 53. Qh4 Qf6 54. Qh5+ Kf8 55. Qe2 Qg5+ 56. Kh1 b6 57. Qd3 Qc1+ 58. Kg2 Qd2+ 59. Qxd2 Nxd2 60. Bc6 Ke7 61. Bxb5 Kd6 62. Kf2 Ne4+ 63. Kf3 Nf6 64. Bf1 Nd5 65. b5 Nc3 66. Ke3 Kd5 67. Bg2+ e4 68. Bf1 Ke5 69. Bg2 Nd5+ 70. Kd2 Nf4 71. Bh1 Kd4 72. Kd1 Kd3 73. Ke1 e3 74. Bc6 e2 75. Ba8 Ke3 0-1

[Event "Tbilisi"]
[Site "Tbilisi"]
[Date "1983.??.??"]
[Round "?"]
[White "Gurgenidze, Bukhuti"]
[Black "Sturua, Zurab"]
[Result "0-1"]
[WhiteElo "2470"]
[BlackElo "2450"]
[PlyCount "48"]
[EventDate "1983.08.??"]
[Source "ChessBase"]

1. d4 Nf6 2. c4 e6 3. Nc3 Bb4 4. Bd2 O-O 5. e3 b6 6. Qf3 d5 7. Nh3 Bb7 8. Bd3 c5 9. a3 Bxc3 10. Bxc3 Nbd7 11. cxd5 cxd4 12. Bxd4 e5 13. Bc3 Nxd5 14. Be4 Nc5 15. O-O Nxe4 16. Qxe4 f6 17. Bb4 Rf7 18. Rfd1 Qe8 19. Qg4 Qb5 20. Rac1 Qa4 21. Qc4 Rc7 22. Qa2 Kh8 23. Be1 Nxe3 24. fxe3 Qe4 0-1

[Event "Munich zt"]
[Site "Munich"]
[Date "1987.??.??"]
[Round "?"]
[White "Zueger, Beat"]
[Black "Greenfeld, Alon"]
[Result "0-1"]
[WhiteElo "2400"]
[BlackElo "2515"]
[PlyCount "74"]
[EventDate "1987.01.??"]
[Source "ChessBase"]

1. c4 Nf6 2. d4 e6 3. Nc3 Bb4 4. e3 O-O 5. Nge2 Re8 6. a3 Bf8 7. d5 a5 8. Ng3 Na6 9. Be2 Nc5 10. e4 exd5 11. exd5 d6 12. Be3 g6 13. O-O Bg7 14. Rb1 Bd7 15. b4 axb4 16. axb4 Nfe4 17. Ngxe4 Nxe4 18. Nxe4 Rxe4 19. Qd2 Ra3 20. Bd3 Re8 21. Rfc1 Qh4 22. g3 Qf6 23. Re1 Qf3 24. Qe2 Qxe2 25. Bxe2 Bf5 26. Rbd1 Bc3 27. Bd2 Bc2 28. Bf1 Rxe1 29. Rxe1 Bxd2 30. Re2 Rd3 31. Re8+ Kg7 32. Bxd3 Bxd3 33. c5 Bxb4 34. c6 bxc6 35. dxc6 Ba5 36. Ra8 Bb6 37. Rb8 Bb5 0-1

[Event "5th Open"]
[Site "Dubai"]
[Date "2003.04.22"]
[Round "3"]
[White "Mamedyarov, Shakhriyar"]
[Black "Roghani, Arash"]
[Result "1-0"]
[WhiteElo "2607"]
[BlackElo "2302"]
[PlyCount "64"]
[EventDate "2003.04.21"]
[Source "Roberto Alvarez"]
[SourceDate "2003.05.05"]

1. d4 e6 2. c4 Nf6 3. Nc3 Bb4 4. e3 O-O 5. Nge2 d5 6. a3 Be7 7. cxd5 exd5 8. Nf4 Re8 9. Bd3 c6 10. O-O Bd6 11. f3 b6 12. Nfe2 c5 13. Bd2 Ba6 14. Bxa6 Nxa6 15. Qa4 Nc7 16. b4 Ne6 17. bxc5 bxc5 18. Rab1 Qc7 19. Nb5 Qd7 20. Qa6 Bf8 21. Be1 cxd4 22. exd4 Nc7 23. Nxc7 Qxc7 24. Bb4 Qc4 25. Qxc4 dxc4 26. Nc3 Rab8 27. Bc5 Nd7 28. Bxa7 Ra8 29. Nb5 Bxa3 30. Rb3 Bf8 31. Kf2 f5 32. Bc5 Ra2+ 1-0

[Event "URS Spartakiad"]
[Site "URS"]
[Date "1979.??.??"]
[Round "?"]
[White "Taimanov, Mark E"]
[Black "Kudriashov, Anatoli"]
[Result "1/2-1/2"]
[WhiteElo "2510"]
[BlackElo "2380"]
[PlyCount "100"]
[EventDate "1979.??.??"]
[Source "ChessBase"]

1. c4 Nf6 2. Nc3 e6 3. d4 Bb4 4. e3 O-O 5. Nge2 d5 6. a3 Be7 7. cxd5 exd5 8. g3 c6 9. Bg2 Bf5 10. O-O Re8 11. b3 Bd6 12. Ra2 Nbd7 13. a4 Nf8 14. h3 h5 15. Nf4 g6 16. Ba3 Bxa3 17. Rxa3 Ne6 18. Nxe6 Rxe6 19. b4 a6 20. Rb3 Rc8 21. Qe2 Re7 22. Ra1 Be6 23. Qd1 Qd7 24. Kh2 Ne4 25. Nxe4 dxe4 26. Rc3 Qd6 27. b5 cxb5 28. Rxc8+ Bxc8 29. axb5 h4 30. Qc2 hxg3+ 31. fxg3 Re8 32. bxa6 bxa6 33. Ra5 Bd7 34. Rc5 Kg7 35. Qf2 Bb5 36. Kg1 Bd3 37. h4 Re6 38. Kh2 Re8 39. Qb2 Rb8 40. Qc3 Qf6 41. Rc6 Rb3 42. Qc5 Qf5 43. d5 Rb8 44. Qd4+ Kg8 45. Rf6 Rb4 46. Qxb4 Qxf6 47. d6 Kg7 48. d7 Bb5 49. Qd2 Qd8 50. Qd4+ Kh7 1/2-1/2

[Event "Tbilisi"]
[Site "Tbilisi"]
[Date "1983.??.??"]
[Round "?"]
[White "Gurgenidze, Bukhuti"]
[Black "Karner, Hillar"]
[Result "1-0"]
[WhiteElo "2470"]
[BlackElo "2415"]
[PlyCount "59"]
[EventDate "1983.08.??"]
[Source "ChessBase"]

1. d4 Nf6 2. c4 e6 3. Nc3 Bb4 4. Bd2 O-O 5. e3 c5 6. a3 Bxc3 7. Bxc3 Ne4 8. Rc1 d6 9. Nf3 Qe7 10. b4 Nc6 11. bxc5 dxc5 12. Bb2 Rd8 13. Bd3 Ng5 14. Ne5 Nxe5 15. dxe5 Qd7 16. Ke2 f5 17. exf6 e5 18. Bxe5 Qe8 19. Bc7 Qh5+ 20. f3 Bh3 21. g4 Bxg4 22. fxg4 Qxg4+ 23. Kd2 Ne4+ 24. Kc2 Qg2+ 25. Kb3 Nf2 26. Bxh7+ Kxh7 27. Qh5+ Kg8 28. Bxd8 Rxd8 29. f7+ Kf8 30. Qh8+ 1-0

[Event "MK Cafe op-A"]
[Site "Koszalin"]
[Date "1997.08.03"]
[Round "1"]
[White "Cichocki, Adam"]
[Black "Romanishin, Oleg M"]
[Result "0-1"]
[WhiteElo "2330"]
[BlackElo "2550"]
[PlyCount "82"]
[EventDate "1997.08.03"]
[Source "ChessBase"]
[SourceDate "1997.09.26"]

1. d4 Nf6 2. c4 e6 3. Nc3 Bb4 4. Bd2 O-O 5. e3 d6 6. Bd3 e5 7. Nge2 Re8 8. O-O Nbd7 9. a3 Bxc3 10. Nxc3 e4 11. Bc2 Nb6 12. b3 Bg4 13. f3 exf3 14. gxf3 Bh3 15. Rf2 d5 16. Bd3 c5 17. Ne2 cxd4 18. exd4 dxc4 19. bxc4 Rc8 20. Rc1 Qd7 21. Bg5 Ng4 22. fxg4 Qxg4+ 23. Kh1 Qxg5 24. Qc2 Qh6 25. Nf4 Bd7 26. Qd2 Kh8 27. d5 Re5 28. Bf1 Bf5 29. Bg2 Be4 30. Bxe4 Rxe4 31. c5 Nd7 32. c6 bxc6 33. dxc6 Rxc6 34. Rd1 Rc7 35. Qa5 Qc6 36. Nd5 Rc8 37. Rxf7 Nb6 38. Rf5 Ree8 39. Qd2 Nc4 40. Qd4 Ne3 41. Rd3 Nxf5 0-1

[Event "6. EICC"]
[Site "?"]
[Date "2005.06.26"]
[Round "8"]
[White "Kovacevic Blazimir"]
[Black "Michalczak Thomas"]
[Result "1-0"]
[WhiteElo "2510"]
[BlackElo "2369"]
[PlyCount "51"]
[EventDate "2005.??.??"]
[Source "www.chesslib.no"]
[SourceDate "2004.05.04"]

1. c4 Nf6 2. Nc3 e6 3. d4 Bb4 4. e3 O-O 5. Nge2 d5 6. a3 Bd6 7. c5 Be7 8. b4 b6 9. Bb2 c6 10. Nf4 bxc5 11. bxc5 e5 12. dxe5 Nfd7 13. Na4 Nxc5 14. Nxc5 Bxc5 15. Bd3 Qa5+ 16. Qd2 Qxd2+ 17. Kxd2 Be6 18. Rhc1 Nd7 19. Bd4 Bxd4 20. exd4 c5 21. Bb5 Rab8 22. Nxe6 fxe6 23. Bxd7 Rb2+ 24. Kc3 Rfb8 25. Bxe6+ Kf8 26. Bxd5 1-0

[Event "Surakarta/Denpasar"]
[Site "Surakarta"]
[Date "1982.??.??"]
[Round "17"]
[White "Henley, Ron W"]
[Black "Spassov, Liuben"]
[Result "1/2-1/2"]
[WhiteElo "2460"]
[BlackElo "2410"]
[PlyCount "25"]
[EventDate "1982.02.??"]
[Source "ChessBase"]

1. d4 e6 2. c4 Nf6 3. Nc3 Bb4 4. e3 O-O 5. Nge2 d5 6. a3 Be7 7. Nf4 c6 8. cxd5 exd5 9. Bd3 Re8 10. Nh5 Nbd7 11. Nxf6+ Nxf6 12. Qc2 Be6 13. Na4 1/2-1/2

[Event "BL2-Ost 0001"]
[Site "Germany"]
[Date "2001.04.01"]
[Round "8.1"]
[White "Stettler, Michael"]
[Black "Luther, Thomas"]
[Result "1/2-1/2"]
[WhiteElo "2320"]
[BlackElo "2547"]
[PlyCount "118"]
[EventDate "2000.10.15"]
[Source "ChessBase"]
[SourceDate "2001.07.03"]

1. d4 Nf6 2. c4 e6 3. Nc3 Bb4 4. e3 O-O 5. Bd2 c5 6. Nf3 cxd4 7. exd4 b6 8. Bd3 Ba6 9. Bg5 Bxc3+ 10. bxc3 d6 11. O-O Nbd7 12. Qe2 Re8 13. Nd2 Qc7 14. Rfe1 Rac8 15. Qf3 d5 16. cxd5 Bxd3 17. Qxd3 Qxc3 18. Qxc3 Rxc3 19. dxe6 Rxe6 20. Rxe6 fxe6 21. Kf1 Nd5 22. Nf3 h6 23. Bd2 Ra3 24. Bc1 Ra4 25. a3 b5 26. Bb2 N7b6 27. Ne5 Nc4 28. Nxc4 Rxc4 29. Rc1 Rxc1+ 30. Bxc1 Kf7 31. Ke2 Ke7 32. Kd3 Kd6 33. Bd2 h5 34. h3 Nf6 35. f3 Kd5 36. g4 g6 37. Bb4 Nd7 38. Be7 Nb8 39. Bf8 Nc6 40. Bg7 a5 41. Bf6 b4 42. a4 e5 43. dxe5 Nxe5+ 44. Ke3 Nc4+ 45. Kd3 Ne5+ 46. Ke3 b3 47. Kd2 Nxf3+ 48. Kc3 hxg4 49. hxg4 Nd4 50. Bd8 Nc6 51. Bc7 b2 52. Kxb2 Kc4 53. Ka3 Kc3 54. Bb6 Kc2 55. Bc7 Kc3 56. Bb6 Kc4 57. Bc7 Kc3 58. Bb6 Kc4 59. Bc7 Kc3 1/2-1/2

[Event "POR Team Ch"]
[Site "Portugal"]
[Date "1993.??.??"]
[Round "7"]
[White "Alexandre, Jorge"]
[Black "Spraggett, Kevin B"]
[Result "0-1"]
[WhiteElo "2300"]
[BlackElo "2565"]
[PlyCount "98"]
[EventDate "1993.??.??"]
[Source "www.chesslib.no"]
[SourceDate "2004.05.04"]

1. d4 Nf6 2. c4 e6 3. Nc3 Bb4 4. Bd2 O-O 5. e3 b6 6. Bd3 Bb7 7. f3 c5 8. Nge2 cxd4 9. Nxd4 Nc6 10. a3 Be7 11. Nxc6 Bxc6 12. O-O d6 13. Rc1 a6 14. Qe2 Nd7 15. Rfd1 Rc8 16. Be1 Bb7 17. Bg3 Qc7 18. Bb1 Nf6 19. Rd4 Rfd8 20. Rcd1 g6 21. Ba2 Nh5 22. Bh4 Bxh4 23. Rxh4 Nf6 24. Rhd4 Rd7 25. Qf2 Rcd8 26. Qd2 Bc6 27. e4 Kg7 28. b4 h6 29. Qe3 Rc8 30. Rc1 Qb8 31. Rd2 Rdd8 32. Rdc2 Be8 33. Ne2 a5 34. Nd4 axb4 35. axb4 e5 36. Nb5 d5 37. exd5 Nxd5 38. cxd5 Rxc2 39. Rxc2 Bxb5 40. Qc3 Qd6 41. f4 Re8 42. fxe5 Rxe5 43. Rc1 Kh7 44. Re1 Rf5 45. g3 h5 46. Rd1 Be2 47. Rd4 Qf6 48. Qe3 Rf1+ 49. Kg2 Rg1+ 0-1

[Event "Mind Sports Games - Blitz Pair"]
[Site "Pechino CINA"]
[Date "2008.10.08"]
[Round "11"]
[White "Li Ruofan"]
[Black "Socko, M."]
[Result "0-1"]
[WhiteElo "2426"]
[BlackElo "2434"]
[PlyCount "36"]
[EventDate "2008.10.08"]
[Source "www.chesslib.no"]
[SourceDate "2004.05.04"]

1. d4 Nf6 2. c4 e6 3. Nc3 Bb4 4. e3 O-O 5. a3 Bxa3 6. bxa3 d6 7. Bd3 c5 8. e4 e5 9. Nge2 b6 10. O-O Nc6 11. f4 cxd4 12. Bb2 Bg4 13. h3 Bxe2 14. Qxe2 Re8 15. Rae1 Rc8 16. Kh1 Qc7 17. Qf2 Nd7 18. Bb1 Nc5 0-1

[Event "Pamplona Open"]
[Site "?"]
[Date "2002.12.27"]
[Round "8"]
[White "Pomes Marcet Juan"]
[Black "Campos Moreno Javier B"]
[Result "0-1"]
[WhiteElo "2380"]
[BlackElo "2475"]
[PlyCount "116"]
[EventDate "2002.??.??"]
[Source "www.chesslib.no"]
[SourceDate "2004.05.04"]

1. d4 e6 2. c4 Nf6 3. Nc3 Bb4 4. e3 O-O 5. Nge2 d5 6. a3 Be7 7. Ng3 c5 8. dxc5 dxc4 9. Qc2 Nbd7 10. Bxc4 Bxc5 11. b4 Be7 12. O-O a5 13. Rb1 axb4 14. axb4 Ne5 15. Be2 Bd7 16. f4 Ng6 17. Qb3 Qb6 18. Kh1 Rfd8 19. e4 Rac8 20. e5 Nd5 21. Nxd5 exd5 22. b5 d4 23. Bc4 Be6 24. Bxe6 Qxe6 25. Bd2 d3 26. Rfe1 Qg4 27. Qa4 Nxe5 28. Qe4 Ng6 29. Qxb7 Bd6 30. f5 Ne5 31. Qe4 Re8 32. b6 Bb8 33. b7 Rcd8 34. Re3 Qxe4 35. Rxe4 f6 36. Nf1 Rd7 37. Ra4 Kf7 38. h3 Nc6 39. Ra8 Nd4 40. Ra5 h5 41. Rc5 Ne2 42. Rb3 h4 43. Rc8 Rdd8 44. Rxd8 Rxd8 45. Ne3 Ng3+ 46. Kg1 Ne4 47. Nf1 g5 48. fxg6+ Kxg6 49. Rb4 f5 50. Rb6+ Kf7 51. Rb5 Ke6 52. Kh1 Rd5 53. Rb6+ Kd7 54. Rb3 Kc6 55. Kg1 Rb5 56. Rxd3 Rb1 57. Be3 Ng3 58. Rc3+ Kxb7 0-1

[Event "HUN-chT 0203"]
[Site "?"]
[Date "2003.03.02"]
[Round "8"]
[White "Zsinka Laszlo"]
[Black "Groszpeter Attila"]
[Result "1/2-1/2"]
[WhiteElo "2359"]
[BlackElo "2491"]
[PlyCount "29"]
[EventDate "2003.??.??"]
[Source "www.chesslib.no"]
[SourceDate "2004.05.04"]

1. d4 Nf6 2. c4 e6 3. Nc3 Bb4 4. Bd2 O-O 5. e3 d5 6. Nf3 c5 7. a3 Bxc3 8. Bxc3 Ne4 9. Rc1 Nxc3 10. Rxc3 cxd4 11. exd4 dxc4 12. Bxc4 Nd7 13. O-O Nb6 14. Ba2 Nd5 15. Rc5 1/2-1/2

[Event "Aarhus Open"]
[Site "Aarhus DEN"]
[Date "1991.??.??"]
[Round "3"]
[White "Kjeldsen, Jens"]
[Black "Dokhoian, Yury R"]
[Result "0-1"]
[WhiteElo "2305"]
[BlackElo "2540"]
[PlyCount "50"]
[EventDate "1991.??.??"]
[Source "www.chesslib.no"]
[SourceDate "2004.05.04"]

1. d4 e6 2. c4 Nf6 3. Nc3 Bb4 4. e3 O-O 5. Nge2 d5 6. a3 Be7 7. cxd5 exd5 8. g3 a5 9. Bg2 Na6 10. O-O c6 11. f3 c5 12. g4 h6 13. Bd2 Re8 14. Be1 Bd7 15. h3 Nc7 16. Bf2 b5 17. e4 cxd4 18. Bxd4 dxe4 19. fxe4 Bc6 20. Nf4 b4 21. Ncd5 Nxe4 22. Bxe4 Nxd5 23. Nh5 Ne3 24. Rxf7 Nxd1 25. Rxg7+ Kf8 0-1

[Event "II Young Stars of the World"]
[Site "Kirishi"]
[Date "2004.06.21"]
[Round "4"]
[White "Kuzubov, Yuriy"]
[Black "Rodshtein, Maxim"]
[Result "1-0"]
[WhiteElo "2475"]
[BlackElo "2366"]
[PlyCount "75"]
[EventDate "2004.06.18"]
[Source "Roberto Alvarez"]
[SourceDate "2004.07.05"]

1. d4 e6 2. c4 Nf6 3. Nc3 Bb4 4. e3 O-O 5. Nge2 b6 6. a3 Bxc3+ 7. Nxc3 d5 8. cxd5 Nxd5 9. Nxd5 exd5 10. b4 c6 11. Bd2 Qd6 12. Qc2 Be6 13. Bd3 g6 14. Rc1 Rc8 15. O-O Nd7 16. Ba6 Rc7 17. f3 Bf5 18. Qc3 c5 19. Be1 Qe7 20. Bg3 Nb8 21. Bxc7 Nxa6 22. Bf4 cxb4 23. Qc6 Rd8 24. Qb5 g5 25. Be5 f6 26. Qxa6 fxe5 27. axb4 exd4 28. exd4 Qxb4 29. Qxa7 Qxd4+ 30. Kh1 Qf6 31. Rfd1 d4 32. Qa2+ Kg7 33. Rc7+ Kh6 34. Qb2 Rd6 35. Qd2 d3 36. h4 Re6 37. Rf7 Qg6 38. hxg5+ 1-0

[Event "Chigorin mem"]
[Site "St Petersburg"]
[Date "1999.11.08"]
[Round "7"]
[White "Ulko, Jaroslav"]
[Black "Biriukov, Oleg V"]
[Result "1/2-1/2"]
[WhiteElo "2454"]
[BlackElo "2378"]
[PlyCount "89"]
[EventDate "1999.11.02"]
[Source "ChessBase"]
[SourceDate "2000.02.01"]

1. d4 Nf6 2. c4 e6 3. Nc3 Bb4 4. e3 O-O 5. Bd2 c5 6. d5 exd5 7. Nxd5 Nxd5 8. cxd5 Bxd2+ 9. Qxd2 d6 10. Bd3 Nd7 11. Ne2 Ne5 12. O-O Nxd3 13. Qxd3 Bd7 14. a4 Re8 15. Rfc1 Qe7 16. Ng3 Rab8 17. h3 Qe5 18. Rc3 h5 19. Qc4 a6 20. a5 b5 21. axb6 Rxb6 22. Rc2 Bc8 23. Ra4 g6 24. Qh4 Qxd5 25. Kh2 Bb7 26. f3 Qe5 27. e4 Rxb2 28. f4 Qg7 29. Rxb2 Qxb2 30. Qg5 Qg7 31. f5 gxf5 32. Qxg7+ Kxg7 33. Nxf5+ Kf8 34. Nxd6 Re7 35. Rc4 Bc6 36. Rxc5 Bxe4 37. Nxe4 Rxe4 38. Rxh5 Ra4 39. Rh8+ Kg7 40. Ra8 Ra3 41. h4 a5 42. g3 Kg6 43. Kh3 f5 44. Ra6+ Kg7 45. Kg2 1/2-1/2

[Event "Wch U20"]
[Site "Yerevan"]
[Date "2000.10.02"]
[Round "13"]
[White "Simutowe, Amon"]
[Black "Harikrishna, Penteala"]
[Result "1-0"]
[WhiteElo "2322"]
[BlackElo "2500"]
[PlyCount "125"]
[EventDate "2000.09.02"]
[Source "ChessBase"]
[SourceDate "2000.11.10"]

1. d4 e6 2. c4 Nf6 3. Nc3 Bb4 4. e3 O-O 5. Nge2 d5 6. a3 Be7 7. cxd5 exd5 8. g3 c6 9. Bg2 Re8 10. O-O Bf5 11. f3 Bf8 12. g4 Bc8 13. Ng3 h6 14. h3 Bd6 15. f4 Nbd7 16. Qf3 Nh7 17. Bd2 Ndf6 18. Rad1 Be6 19. Qf2 Qb8 20. Be1 Bxg4 21. hxg4 Nxg4 22. Qf3 Nxe3 23. Bd2 Nxf1 24. Bxf1 Nf6 25. Bd3 Qc8 26. Bf5 Qc7 27. Kg2 Qb6 28. Bc1 Bf8 29. Bc2 Re6 30. f5 Re7 31. Nh5 Nxh5 32. Qxh5 f6 33. Ne2 Rae8 34. Nf4 Qb5 35. Bd3 Qb3 36. Ne6 b6 37. Rd2 c5 38. dxc5 bxc5 39. Nxc5 Qb6 40. Ne6 Qe3 41. Rd1 Qe5 42. Qg6 Rxe6 43. fxe6 Rxe6 44. Qf5 Kf7 45. Qg6+ Kg8 46. Rh1 f5 47. Qxf5 Qxf5 48. Bxf5 Re2+ 49. Kf3 Re5 50. Bc2 d4 51. Rd1 Bc5 52. b4 Bb6 53. a4 a5 54. Bf4 Re8 55. bxa5 Bxa5 56. Rxd4 g5 57. Bd2 Rf8+ 58. Kg2 Bb6 59. Bb3+ Kh8 60. Rd7 Rc8 61. a5 Bxa5 62. Bxa5 h5 63. Bb6 1-0

[Event "Naleczow"]
[Site "Naleczow"]
[Date "1985.??.??"]
[Round "3"]
[White "Dejkalo, Stefan"]
[Black "Lukacs, Peter"]
[Result "0-1"]
[WhiteElo "2355"]
[BlackElo "2465"]
[PlyCount "93"]
[EventDate "1985.07.??"]
[Source "ChessBase"]

1. c4 Nf6 2. d4 e6 3. Nc3 Bb4 4. e3 O-O 5. Nge2 d5 6. a3 Be7 7. cxd5 exd5 8. b4 Re8 9. Ng3 c6 10. Be2 Nbd7 11. O-O Nf8 12. Bd2 Bd6 13. b5 Qe7 14. a4 g6 15. Re1 h5 16. a5 Ne6 17. a6 Nc7 18. axb7 Bxb7 19. bxc6 Bxc6 20. Qc2 Bd7 21. Bd3 h4 22. Nf1 h3 23. g3 Ne4 24. Nxe4 dxe4 25. Bc4 Rec8 26. Ba5 Nd5 27. Qe2 Be6 28. Nd2 Bb4 29. Bxb4 Nxb4 30. Rec1 a5 31. f4 exf3 32. Qxf3 Re8 33. e4 a4 34. e5 Qa7 35. Qf2 a3 36. Ne4 Bxc4 37. Rxc4 Nd3 38. Nf6+ Kf8 39. Qd2 Nxe5 40. Qb4+ Re7 41. Rc3 Rd8 42. Rcxa3 Qxd4+ 43. Qxd4 Rxd4 44. Ra8+ Kg7 45. Rf1 Nc4 46. Rg8+ Kh6 47. Rh8+ 0-1

[Event "Domen Lucija, Open"]
[Site "Portoroz"]
[Date "2004.04.17"]
[Round "8"]
[White "Drazic, Sinisa"]
[Black "Perunovic, Miodrag"]
[Result "0-1"]
[WhiteElo "2476"]
[BlackElo "2344"]
[PlyCount "96"]
[EventDate "2004.04.24"]
[Source "Roberto Alvarez"]
[SourceDate "2004.05.10"]

1. d4 e6 2. c4 Nf6 3. Nc3 Bb4 4. e3 O-O 5. Nge2 d5 6. a3 Be7 7. Nf4 c6 8. Bd3 dxc4 9. Bxc4 Nbd7 10. Ba2 Bd6 11. Nfe2 Qe7 12. e4 e5 13. f3 Rd8 14. Be3 Nf8 15. Qc2 Ne6 16. Rd1 exd4 17. Nxd4 Nxd4 18. Bxd4 Nh5 19. Ne2 Qg5 20. Kf2 Nf4 21. Nxf4 Bxf4 22. Qc3 Be6 23. Bxe6 fxe6 24. g3 Bc7 25. f4 Qg6 26. Rhe1 Qh5 27. Kg2 Rd6 28. Qc5 Qg4 29. Rd2 Rad8 30. Qxa7 c5 31. Qxb7 Rxd4 32. Rf2 Bd6 33. e5 Bf8 34. Ree2 h5 35. Qf3 Qg6 36. h4 Rd3 37. f5 exf5 38. Re3 c4 39. Rfe2 Bc5 40. Rxd3 Rxd3 41. Qf4 Qg4 42. Rc2 Rxg3+ 43. Qxg3 Qe4+ 44. Kh3 Qxc2 45. Qg6 Qb3+ 46. Kg2 Qxb2+ 47. Kg3 Qxe5+ 48. Kh3 Qe3+ 0-1

[Event "7th open"]
[Site "Bad Zwesten"]
[Date "2003.??.??"]
[Round "4"]
[White "Wang Yue"]
[Black "Kipper, Jens"]
[Result "1-0"]
[WhiteElo "2495"]
[BlackElo "2307"]
[PlyCount "99"]
[EventDate "2003.01.02"]
[Source "Roberto Alvarez"]
[SourceDate "2003.05.05"]

1. d4 e6 2. c4 Nf6 3. Nc3 Bb4 4. e3 O-O 5. Nge2 d5 6. a3 Be7 7. cxd5 exd5 8. Ng3 Re8 9. Bd3 Nbd7 10. O-O c6 11. b4 Nb6 12. Bb2 a5 13. b5 c5 14. dxc5 Bxc5 15. Na4 Nxa4 16. Qxa4 Ng4 17. Bxh7+ Kh8 18. Bf5 Qg5 19. Qxg4 Qxg4 20. Bxg4 Bxg4 21. h3 Be6 22. a4 Bd6 23. Ne2 Rec8 24. Rfc1 Rc4 25. Bc3 Bb4 26. Bxb4 axb4 27. Nd4 Rxa4 28. Kf1 Rxa1 29. Rxa1 Bd7 30. b6 Kg8 31. Ke2 Kf8 32. Ra5 Bc6 33. Kd2 Ke7 34. h4 b3 35. Ra3 Ba4 36. Nxb3 Bxb3 37. Rxb3 Rxh4 38. Rc3 Rc4 39. Rxc4 dxc4 40. Kc3 Kd6 41. Kxc4 Kc6 42. e4 Kxb6 43. Kd5 Ka5 44. e5 b5 45. f4 b4 46. Kc4 g6 47. g4 Ka4 48. f5 gxf5 49. gxf5 b3 50. Kc3 1-0

[Event "CUB Ch"]
[Site "St Spiritus"]
[Date "1989.??.??"]
[Round "8"]
[White "Gomez, Adalberto"]
[Black "Arencibia, Juan Joel"]
[Result "1-0"]
[WhiteElo "2385"]
[BlackElo "2405"]
[PlyCount "101"]
[EventDate "1989.??.??"]
[Source "www.chesslib.no"]
[SourceDate "2004.05.04"]

1. d4 Nf6 2. c4 e6 3. Nc3 Bb4 4. Bd2 O-O 5. e3 d5 6. Nf3 c5 7. dxc5 Bxc5 8. Rc1 Nc6 9. Be2 Qe7 10. O-O a6 11. Qc2 Ba7 12. a3 Bd7 13. Rfd1 Rac8 14. cxd5 exd5 15. Be1 Be6 16. Qa4 Rfd8 17. Qh4 h6 18. h3 Qf8 19. Qa4 Qe7 20. Bf1 Rd6 21. Ne2 Re8 22. Ned4 Bd7 23. Qb3 Bc8 24. Rc2 Ne4 25. Rdc1 Qf6 26. Bb4 Nxd4 27. exd4 Rdd8 28. Ba5 b6 29. Rc6 Qf4 30. Bxb6 Bxb6 31. Qxb6 Bxh3 32. Qc7 Qf5 33. R6c2 f6 34. Qa5 Bg4 35. Nh2 Bh5 36. g3 Bg6 37. Bg2 Qe6 38. Re2 Qd6 39. Rce1 h5 40. Nf3 Bf7 41. Nh4 Rb8 42. Qa4 Red8 43. Qc2 Qb6 44. Nf5 Qb3 45. Ne7+ Kf8 46. Bxe4 dxe4 47. Qxe4 Bc4 48. Re3 Qb5 49. Qh7 Re8 50. Ng6+ Kf7 51. Re7+ 1-0

[Event "Ch Serbia (qual)"]
[Site "Belgrade (Yugoslavia)"]
[Date "2007.01.24"]
[Round "2"]
[White "Mihic Bojan (SCG)"]
[Black "Todorovic Goran N (SCG)"]
[Result "1/2-1/2"]
[WhiteElo "2369"]
[BlackElo "2418"]
[PlyCount "20"]
[EventDate "2007.??.??"]
[Source "www.chesslib.no"]
[SourceDate "2004.05.04"]

1. d4 Nf6 2. c4 e6 3. Nc3 Bb4 4. e3 d5 5. Nge2 O-O 6. a3 Be7 7. Nf4 c6 8. Bd3 Nbd7 9. cxd5 exd5 10. Qc2 Re8 1/2-1/2

[Event "Dieren Open"]
[Site "Dieren NED"]
[Date "1987.??.??"]
[Round "6"]
[White "Welling, Gerard"]
[Black "Winants, Luc"]
[Result "1/2-1/2"]
[WhiteElo "2360"]
[BlackElo "2415"]
[PlyCount "79"]
[EventDate "1987.07.??"]
[Source "www.chesslib.no"]
[SourceDate "2004.05.04"]

1. d4 Nf6 2. c4 e6 3. Nc3 Bb4 4. Bd2 O-O 5. e3 d5 6. Nf3 Nc6 7. a3 Be7 8. Bd3 dxc4 9. Bxc4 a6 10. O-O b5 11. Ba2 Bb7 12. Rc1 Qd6 13. Qe2 e5 14. d5 Nb8 15. e4 Ne8 16. b4 Nd7 17. Be3 Qg6 18. Nd2 Nd6 19. f3 Kh8 20. Bb1 Bg5 21. Bd3 Rac8 22. Nb3 Nb6 23. Na5 Ba8 24. a4 bxa4 25. Bxa6 Rb8 26. Bd3 f5 27. Ra1 Rf7 28. exf5 Nxf5 29. Bxg5 Qxg5 30. Qxe5 Qe3+ 31. Qxe3 Nxe3 32. Rfc1 Nexd5 33. Nxd5 Nxd5 34. Rxa4 Nxb4 35. Bc4 Rd7 36. Re1 g6 37. Nb3 Nc2 38. Re2 Nd4 39. Nxd4 Rxd4 40. Bb3 1/2-1/2